000 00304nam a2200121Ia 4500
008 190216s9999||||xx |||||||||||||| ||und||
100 _aShahane V A & Manuel M
245 0 _aModern One Act Plays
260 _bMac Millian And Com. Ltd
_c1965
300 _a151
650 _aEnglish Drama
942 _cBK
999 _c11697
_d11697